Sokoto journal of medical laboratory science [SJMLS] (Record no. 44270)

MARC details
000 -LEADER
fixed length control field 00585nam a2200181Ia 4500
022 ## - INTERNATIONAL STANDARD SERIAL NUMBER
ISSN 2536-7153
050 ## - CALL MARK
Classification number RB 37 .S65/
245 #0 - TITLE STATEMENT
Title Sokoto journal of medical laboratory science [SJMLS]
250 ## - EDITION / VOLUME STATEMENT
Edition / Volume statement Vol. 8, No. 2,
260 ## - PUBLICATION, DISTRIBUTION, ETC. (IMPRINT)
Place of publication Sokoto, Nigeria
260 ## - PUBLICATION, DISTRIBUTION, ETC. (IMPRINT)
Name of publisher International Institute of Academic Research and Development (IIARD)
260 ## - PUBLICATION, DISTRIBUTION, ETC. (IMPRINT)
Year of publication 2023
300 ## - PHYSICAL DESCRIPTION
Number of Pages iv, 255 p. :ill. ; 29 cm.
490 ## - SERIES STATEMENT
Series statement Vol. 8, No. 3,
650 ## - SUBJECT ADDED ENTRY--TOPICAL TERM
Topical Term Medical laboratory technology--Periodicals. Laboratories--Equipment and supplies--Periodicals.
942 ## - ADDED ENTRY ELEMENTS (KOHA)
Koha item type Serials
Source of classification Library of Congress Classification

No items available.